00650 2200241 4500001002100000005001700021008004100038035002400079082001000103090001700113100001800130245006800148250001100216260003100227300002400258500003100282650003500313850001300348980001300361985000600374986001300380999001500393YOGYA-0209000001983220090227023028.0 ind  0010-020900000019832 a371.3 a371.3bHam S aHAMALIK, Umar aSistem internship kependidikan teori dan praktekcOemar Hamalik aCet. 1 aBandungbMandar Majuc1990 axiv, 206 hlmc21 cm aBibliografi : hlm. 205-206 aPendidikan - teori dan praktek aYOPDYOGB a25/04/06 a1 aPKL-UGMM a95P0056268